LIBRARY ONLINE CATALOGUE

Approaching the study of theology: (Record no. 19612)

MARC details
000 -LEADER
fixed length control field 00454nam a22001337a 4500
008 - FIXED-LENGTH DATA ELEMENTS--GENERAL INFORMATION
fixed length control field 220930b |||||||| |||| 00| 0 eng d
050 ## - LIBRARY OF CONGRESS CALL NUMBER
Classification number BR118
Item number .T45 2018
100 ## - MAIN ENTRY--PERSONAL NAME
Personal name Thiselton, Anthony C.
245 ## - TITLE STATEMENT
Title Approaching the study of theology:
Remainder of title An introduction to the key thinkers, concepts, methods & debates/
Statement of responsibility, etc. Anthony C. Thiselton
260 ## - PUBLICATION, DISTRIBUTION, ETC. (IMPRINT)
Place of publication, distribution, etc. DownersGrove, Illinois
Name of publisher, distributor, etc. IVP Academic
Date of publication, distribution, etc. 2018
300 ## - PHYSICAL DESCRIPTION
Extent xv, 240p.
650 ## - SUBJECT ADDED ENTRY--TOPICAL TERM
Topical term or geographic name as entry element Theology
942 ## - ADDED ENTRY ELEMENTS (KOHA)
Source of classification or shelving scheme Library of Congress Classification
Koha item type General Collection
Holdings
Withdrawn status Lost status Source of classification or shelving scheme Not for loan Home library Current library Date acquired Cost, normal purchase price Inventory number Total Checkouts Full call number Barcode Date last seen Date last checked out Copy number Price effective from Koha item type
    Library of Congress Classification   Kabarak, Main Campus Kabarak, Main Campus 30/09/2022 2200.00 0581/2022 2 BR118 .T45 2018 C.1 032735 06/02/2026 27/01/2026 C.1 30/09/2022 General Collection